Strategies for exploitation of mineral resources in developing countries (Record no. 345289)

000 -LEADER
fixed length control field 00509cam a22001337a 4500
008 - FIXED-LENGTH DATA ELEMENTS--GENERAL INFORMATION
fixed length control field 180718b1987 xxu||||| |||| 00| 0 eng d
082 ## - DEWEY DECIMAL CLASSIFICATION NUMBER
Classification number Y2 G346
100 ## - MAIN ENTRY--PERSONAL NAME
Personal name Ghose, Ajoy K.
245 ## - TITLE STATEMENT
Title Strategies for exploitation of mineral resources in developing countries
Statement of responsibility, etc. by Ajoy K. Ghose
260 ## - PUBLICATION, DISTRIBUTION, ETC.
Place of publication, distribution, etc. Delhi
Name of publisher, distributor, etc. Oxford and IBH
Date of publication, distribution, etc. 1987
300 ## - PHYSICAL DESCRIPTION
Extent 286p.
500 ## - GENERAL NOTE
General note Proceedings of Internatioanl Symposium from 6-8 Nov. 1986 at Dhanbad, Published for I.S.M. Dhandad
650 ## - SUBJECT ADDED ENTRY--TOPICAL TERM
Topical term or geographic name entry element Mineral resources - Developing countries
Holdings
Withdrawn status Lost status Damaged status Not for loan Permanent Location Current Location Date acquired Full call number Barcode Date last seen Price effective from Koha item type
        Indian Institute of Public Administration Indian Institute of Public Administration 1993-10-07 Y2 G346 62975 2018-07-21 2018-07-21 Book

Powered by Koha